000 01019 a2200229 4500
003 Nust
005 20221125092652.0
010 _a 78001485
020 _a0442302215 (v. 1)
020 _a0442302223 (v. 1) (pbk.)
040 _cNust
082 0 0 _a526.9,OLL
100 1 _aOlliver, J. G.
_939683
245 1 0 _aPrinciples of surveying /
_cJ. G. Olliver and J. Clendinning.
250 _a4th ed.
260 _aNew York :
_bVan Nostrand Reinhold Co.,
_c1978-
300 _aix,267p
_bill. ;
_c25 cm.
505 1 _aIntroduction (Page-1), Chain Surveying (Page-10), Angles Bearings and Co Ordinates (Page-19), Computations in Rectangular Co Ordinates (Page-31), Triangulation and Trilateration (Page-53), Traversing (Page-75), Heighten and Contouring (Page-96), Horizontal and Vertical curves and Setting Out (Page-143), Areas and Volumes (Page-193), Topographical and Hydrographic Surveying (Page-215).
650 0 _aSurveying.
700 1 _aClendinning, James,
_db. 1888,
_9103553
942 _2ddc
_cBK
_k526.9,OLL
999 _c181363
_d181363